| 000 | 00501nam a2200169 a 4500 | ||
|---|---|---|---|
| 005 | 20210219145824.0 | ||
| 008 | 991125s1958 mx 000 0 spa u | ||
| 035 | _aUPN01000001456 | ||
| 049 | _aLT | ||
| 050 | 4 |
_aLB1573 M6.1 _bM3.3 |
|
| 100 | 0 | _aMaría del Carmen | |
| 245 | 1 | 0 |
_aAlegre comienzo : _bprimer libro de lectura / _cpor María del Carmen. |
| 260 |
_aMéxico : _bPatria, _c1958. |
||
| 300 |
_a93 p. : _bil. |
||
| 650 | 4 |
_aLECTURA - _xESTUDIO Y ENSEÑANZA (ELEMENTAL) - _zMEXICO |
|
| 905 | _aLibro | ||
| 999 |
_c1456 _d1456 |
||